| 000 | 00685 a2200193 4500 | ||
|---|---|---|---|
| 001 | 54967 | ||
| 005 | 20260407155825.0 | ||
| 008 | 260407a1967 arg spa d | ||
| 003 | AR-UNSa-BCEJYS | ||
| 040 |
_aAR-UNSa-BCEJYS _bspa _cAR-UNSa-BCEJYS |
||
| 080 |
_a16 _xLógica. Epistemología. Teoría del conocimiento |
||
| 245 | 1 | 0 | _aLos métodos de la lógica |
| 264 | 1 |
_aBarcelona : _bEdiciones Ariel _c1967 |
|
| 300 |
_a362 p. _c22 cm. |
||
| 505 | _a1. Funciones veritativas – 2. Cuantificación uniforme – 3. Teoría general de la cuantificación – 4. Perspectivas ulteriores | ||
| 942 | _cBK | ||
| 590 | _aniveau_biblio:m niveau_hierar:0 | ||
| 100 | 1 | _aQuine, Willard Van Orman | |
| 999 |
_c5853 _d5853 |
||